Cambio estructural, globalización y desarrollo económico local /
Guardado en:
| Hovedforfatter: | |
|---|---|
| Format: | Texto |
| Fag: | |
| Tags: |
Tilføj Tag
Ingen Tags, Vær først til at tagge denne postø!
|
MARC
| LEADER | 00000 a a2200000 04500 | ||
|---|---|---|---|
| 001 | 3475 | ||
| 003 | |||
| 040 | |||
| 100 | |a Alburquerque Llorens, Francisco | ||
| 245 | |a Cambio estructural, globalización y desarrollo económico local / |c Francisco Alburquerque Llorens | ||
| 650 | |a AJUSTE ESTRUCTURAL | ||
| 650 | |a LIBERALIZACION DEL INTERCAMBIO | ||
| 650 | |a DESARROLLO ECONOMICO Y SOCIAL | ||
| 650 | |a DESARROLLO REGIONAL | ||
| 650 | |a MARCO INSTITUCIONAL | ||
| 650 | |a GOBIERNO LOCAL | ||
| 650 | |a ESTADO | ||
| 650 | |a CAMBIO TECNOLOGICO | ||
| 650 | |a MERCADO | ||
| 650 | |a POLITICA GUBERNAMENTAL | ||
| 773 | |g volumen 49, número 8; páginas 696-702 | ||
| 999 | |c 34322 |d 34322 | ||
